000 00641cam a22001814a 4500
005 20250605164405.0
008 250528s ||||||||||||||||||||||||d
035 _a24812
040 _aGR-AtMCL
_bgre
_dGR-AtMCL
_eAACR2
245 1 _aNeed for Speed / Spee3D on Manufacture at the Point of Speed
260 _bBpa Worldwide,
_c2023
300 _a38
520 _aSustainability as a Business Metric and Additive's Green Claims, Applying 3D Technologies and Skills to the Energy Sector, From Fossils to Sports Fields: AM in Cultural Applications.
700 1 _aGriffins Laura
_99479
942 _cCR
999 _c9657
_d9657